Zmeny v účtovnom zobrazení rezerv v účtovníctve podnikateľov a vymedzených subjektov verejnej správy

Vymedzenie rezerv a spôsob ich účtovania. Účtovné zobrazenie rezerv v účtovníctve podnikateľov od 1. 1. 2007. Príklady účtovného zobrazenia rezerv v podnikateľskom sektore. Účtovné zobrazenie rezerv v účtovníctve vymedzených subjektov verejnej správy od 1. 1. 2008. Príklady účtovného zobrazenia reze...

Ausführliche Beschreibung

Gespeichert in:
Bibliographische Detailangaben
1. Verfasser: Ivančíková, Jana
Weitere Verfasser: Kicová, Marianna
Format: Buchkapitel
Sprache:Slowakisch
Schlagworte:
Tags: Tag hinzufügen
Keine Tags, Fügen Sie das erste Tag hinzu!

MARC

LEADER 00000nla$a2200000$$$4500
001 0088258
005 20240502072004.8
041 0 |a slo 
044 |a SK 
245 1 0 |a Zmeny v účtovnom zobrazení rezerv v účtovníctve podnikateľov a vymedzených subjektov verejnej správy  |c Jana Ivančíková, Marianna Kicová 
520 |a Vymedzenie rezerv a spôsob ich účtovania. Účtovné zobrazenie rezerv v účtovníctve podnikateľov od 1. 1. 2007. Príklady účtovného zobrazenia rezerv v podnikateľskom sektore. Účtovné zobrazenie rezerv v účtovníctve vymedzených subjektov verejnej správy od 1. 1. 2008. Príklady účtovného zobrazenia rezerv vo verejnej správe. 
610 2 0 |a podnikatelia 
610 2 0 |a správa verejná 
610 2 0 |a účtovníctvo 
610 2 0 |a rezervy 
100 1 |a Ivančíková, Jana 
700 1 |a Kicová, Marianna